Erdélyiség és európaiság
Elmentve itt :
| Szerző: | |
|---|---|
| Adatforrás: | Meister |
| Forrásdokumentuma: | A Hét. - 8 sz., 1999, 3-4 p. |
| Nyelv: | magyar |
| Kulcsszavak: | művelődéstörténet irodalomelmélet magyarok (romániai) magyar irodalom (romániai) románok erdélyi románok irodalmi regionalizmus regionalizmus (irodalmi) transzilvanizmus erdélyiség európaiság Erdély, 1920-1939 irodalom Erdély Havasalföld Moldva SZENTIMREI Jenő PAÁL Árpád KUNCZ Aladár |
| LEADER | 00900nab a2200337 i 4500 | ||
|---|---|---|---|
| 001 | bibPRO00007804 | ||
| 008 | 060524s1999 xx hun | ||
| 040 | |a Sz1 | ||
| 041 | |a hun | ||
| 100 | 1 | |a POMOGÁTS Béla | |
| 245 | 1 | 0 | |a Erdélyiség és európaiság |c POMOGÁTS Béla |
| 695 | |a művelődéstörténet | ||
| 695 | |a irodalomelmélet | ||
| 695 | |a magyarok (romániai) | ||
| 695 | |a magyar irodalom (romániai) | ||
| 695 | |a románok | ||
| 695 | |a erdélyi románok | ||
| 695 | |a irodalmi regionalizmus | ||
| 695 | |a regionalizmus (irodalmi) | ||
| 695 | |a transzilvanizmus | ||
| 695 | |a erdélyiség | ||
| 695 | |a európaiság | ||
| 695 | |a Erdély, 1920-1939 | ||
| 695 | |a irodalom | ||
| 695 | |a Erdély | ||
| 695 | |a Havasalföld | ||
| 695 | |a Moldva | ||
| 695 | |a SZENTIMREI Jenő | ||
| 695 | |a PAÁL Árpád | ||
| 695 | |a KUNCZ Aladár | ||
| 773 | 0 | |t A Hét. - |g 8 sz., 1999, 3-4 p. | |